000 00735nam a22002057a 4500
999 _c8053
_d8053
003 AR-CdUCM
008 190322b ||||| |||| 00| 0 spa d
040 _aMUNICIPALIDAD PROVINCIAL DEL CUSCO
_cBIBLIOTECA MUNICIPAL DEL CUSCO
082 _a515 /
_bH65
100 _aHohenberg, Fritz
_922753
245 _aGeometría constructiva aplicada a la técnica /
260 _aBarcelona :
_bLabor,
_c1965.
300 _a345 páginas ;
_c26 cm.
505 _aContenido : I : Planta y alzado, perfil, proyecciones laterales -- II : Rectas y planos -- III : Circunferencia y esfera -- IV : Cónicas ...
650 _aGeometría
_919405
650 _aAplicada
_922754
650 _aConstructiva
_922755
942 _2ddc
_cLIBROS
945 _arah